000 00713nam a2200253Ia 4500
003 OSt
005 20220925211407.0
006 a|||||r|||| 00| 0
007 ta
008 220923b |||||||| |||| 00| 0 eng d
037 _cGeneral Book
040 _aRTL
_cRTL
_beng
041 _2eng
_aeng
082 _aU.44Q7.N7, K4;K9
100 _aAhmad Kazi S
_9274513
245 0 _aGeography of Pakistan
250 _a2
260 _aKarachi
_bOxford University Press
_c1969
300 _avii,262p
_ccm.
500 _aBibliography: P 251-52; Appendixes: P 223-50
650 _aGeography- Asia
_9237597
942 _hU.44Q7.N7, K4;K9
_cGB
_2CC
999 _c557504
_d557504